Coldplay Discography Alphabetical - Statistics

General Stats
  • This quiz has been taken 15 times
    9 since last reset
  • The average score is 102 of 276
Answer Stats
Album/EP/Single Answer % Correct
A Rush of Blood to the Head Amsterdam
88%
Everyday Life / Orphans/Arabesque Arabesque
75%
Ghost Stories A Sky Full of Stars
75%
A Sky Full of Stars (Hardwell Remix) A Sky Full of Stars - Hardwell Remix
75%
A Head Full of Dreams A Head Full of Dreams
63%
A Rush of Blood to the Head A Rush of Blood to the Head
63%
A Rush of Blood to the Head A Whisper
63%
Parachutes Parachutes
63%
X&Y Talk
63%
Talk Talk - Francois K Dub
63%
Talk Talk - Junkie XL Remix
63%
Talk Talk - Thin White Duke Mix
63%
Early version of "Talk"; leaked online in 2005 Talk (Unreleased)
63%
Parachutes Yellow
63%
Everyday Life بنی آدم
50%
Music of the Spheres
50%
The Pretenders cover; released as a promotional single and on Christmas album series, Sweet Tracks 2000 Miles
50%
Viva la Vida or Death and All His Friends 42
50%
A Sky Full of Stars EP All Your Friends
50%
X&Y A Message
50%
Hope for Haiti Now A Message 2010
50%
A Head Full of Dreams Army of One
50%
Brothers & Sisters EP Brothers & Sisters
50%
Trouble Brothers and Sisters
50%
Ode to Deodorant Brothers + Sisters
50%
Viva la Vida or Death and All His Friends Cemeteries of London
50%
Mylo Xyloto Charlie Brown
50%
A Rush of Blood to the Head Clocks
50%
A Rush of Blood to the Head Daylight
50%
Viva la Vida or Death and All His Friends Death and All His Friends
50%
Parachutes Don't Panic
50%
The Blue Room EP Don't Panic (The Blue Room Version)
50%
A Head Full of Dreams Everglow
50%
Everglow Everglow - Edit
50%
Everglow Everglow (Single)
50%
Everyday Life Everyday Life
50%
X&Y Fix You
50%
Prospekt's March Glass of Water
50%
A Rush of Blood to the Head Green Eyes
50%
Music of the Spheres Higher Power
50%
Higher Power (Acoustic Version) Higher Power - Acoustic Version
50%
Higher Power (Alyx Ander Remix) Higher Power - Alyx Ander Remix
50%
Higher Power (Tiesto Remix) Higher Power - Tiesto Remix
50%
Higher Power (ZHU Remix) Higher Power - ZHU Remix
50%
Parachutes | The Blue Room EP High Speed
50%
A Head Full of Dreams Hymn for the Weekend
50%
Hymn for the Weekend (Seeb Remix) Hymn for the Weekend - Seeb Remix
50%
A Rush of Blood to the Head In My Place
50%
A Head Full of Dreams Kaleidoscope
50%
Music of the Spheres Let Somebody Go
50%
Let Somebody Go (Kygo Remix) Let Somebody Go - Kygo Remix
50%
Let Somebody Go (Ofenbach Remix) Let Somebody Go - Ofenbach Remix
50%
Let Somebody Go (Piano Version) Let Somebody Go - Piano Version
50%
Viva la Vida or Death and All His Friends Life in Technicolor
50%
Parachutes (Bonus Track) Life is For Living
50%
Viva la Vida or Death and All His Friends Lost!
50%
Lost! Lost?
50%
Lost! Lost@
50%
Prospekt's March Lost+
50%
Viva la Vida or Death and All His Friends Lovers in Japan
50%
Lovers in Japan Lovers in Japan (Acoustic Version)
50%
Prospekt's March Lovers in Japan (Osaka Sun Remix)
50%
X&Y Low
50%
Ghost Stories Magic
50%
Ghost Stories Midnight
50%
Midnight (Giorgio Moroder Remix) Midnight - Giorgio Moroder Remix
50%
Midnight (Jon Hopkins Remix) Midnight - Jon Hopkins Remix
50%
Midnight (Kygo Remix) Midnight - Kygo Remix
50%
Mylo Xyloto Mylo Xyloto
50%
Prospekt's March Now My Feet Won't Touch the Ground
50%
Ghost Stories (Bonus Track) O
50%
In My Place One I Love
50%
Everyday Life / Orphans/Arabesque Orphans
50%
Orphans (Muzi Remix) Orphans - Muzi Remix
50%
Mylo Xyloto Paradise
50%
A Rush of Blood to the Head Politik
50%
Prospekt's March Postcards From Far Away
50%
Mylo Xyloto Princess of China
50%
Princess of China Princess of China - Acoustic
50%
Princess of China Princess of China - Invisible Men Remix
50%
Princess of China Princess of China - Radio Edit
50%
Princess of China Princess of China - Tiesto Remix
50%
Prospekt's March Prospekt's March
50%
Prospekt's March Rainy Day
50%
Parachutes Shiver
50%
Trouble Shiver (Jo Whiley Lunchtime Social)
50%
Standalone Single Something Just Like This
50%
Something Just Like This (Remix Pack) [Remixes] Something Just Like This - Alesso Remix
50%
Something Just Like This (Remix Pack) [Remixes] Something Just Like This - ARMNHMR Remix
50%
Something Just Like This (Remix Pack) [Remixes] Something Just Like This - Dimitri Vegas & Like Mike Remix
50%
Something Just Like This (Remix Pack) [Remixes] Something Just Like This - Don Diablo Remix
50%
Something Just Like This (Remix Pack) [Remixes] Something Just Like This - Jai Wolf Remix
50%
Something Just Like This (Remix Pack) [Remixes] Something Just Like This - R3hab Remix
50%
Something Just Like This (Tokyo Remix) / Kaleidoscope EP Something Just Like This - Tokyo Remix
50%
Parachutes Sparks
50%
X&Y Speed of Sound
50%
Parachutes Spies
50%
Flavour of the Label Spies (Blue Room Version)
50%
X&Y Square One
50%
Viva la Vida or Death and All His Friends Strawberry Swing
50%
X&Y The Hardest Part
50%
Unreleased; demo of "One I Love The One I Love
50%
A Rush of Blood to the Head The Scientist
50%
X&Y Til' Kingdom Come
50%
Parachutes Trouble
50%
Ghost Stories True Love
50%
True Love (Davide Rossi Remix) True Love - Davide Rossi Remix
50%
X&Y Twisted Logic
50%
A Head Full of Dreams | Up&Up Up&Up
50%
Viva la Vida or Death and All His Friends Violet Hill
50%
Viva la Vida or Death and All His Friends Viva la Vida
50%
A Rush of Blood to the Head Warning Sign
50%
Parachutes We Never Change
50%
X&Y What If
50%
X&Y White Shadows
50%
Viva la Vida or Death and All His Friends Yes
50%
Music of the Spheres *✧
38%
Music of the Spheres
38%
Music of the Spheres
38%
The Scientist 1.36
38%
Unreleased A Ghost
38%
Mylo Xyloto A Hopeful Transmission
38%
Kaleidoscope EP A L I E N S
38%
Kaleidoscope EP All I Can Think About is You
38%
Ghost Stories Always in My Head
38%
A Head Full of Dreams Amazing Day
38%
Clocks Animals
38%
Ghost Stories Another's Arms
38%
The Hunger Games: Catching Fire – Original Motion Picture Soundtrack Atlas
38%
A Head Full of Dreams Birds
38%
Everyday Life BrokEn
38%
Coldplay: Reimagined BrokEn (Reimagined)
38%
Viva la Vida or Death and All His Friends (Bonus Track) Chinese Sleep Chant
38%
Christmas Lights Single Christmas Lights
38%
Everyday Life Church
38%
A Head Full of Dreams Colour Spectrum
38%
Clocks Crests of Waves
38%
Everyday Life Cry Cry Cry
38%
Coldplay: Reimagined Cry Cry Cry (Reimagined)
38%
Live in Buenos Aires De Música Ligera
38%
Everyday Life Èkó
38%
Parachutes Everything's Not Lost
38%
Everyday Life (Japanese Bonus Track) Flags
38%
Shiver For You
38%
A Head Full of Dreams Fun
38%
A Rush of Blood to the Head God Put a Smile upon Your Face
38%
Everyday Life Guns
38%
Have Yourself a Merry Little Christmas (Jo Whiley, BBC Radio 1 Session) Have Yourself a Merry Little Christmas
38%
The Hardest Part How You See the World
38%
Music of the Spheres Humankind
38%
Hypnotised Hypnotised
38%
Kaleidoscope EP Hypnotised - EP Mix
38%
Ghost Stories Ink
38%
Standlone charity single Lhuna
38%
Prospekt's March Life in Technicolor II
38%
Mylo Xyloto Major Minus
38%
Mylo Xyloto M.M.I.X.
38%
Coldplay Live 2003 Moses
38%
God Put a Smile upon Your Face Murder
38%
Music of the Spheres | My Universe My Universe
38%
My Universe My Universe - Acoustic Version
38%
My Universe (David Guetta Remix) My Universe - David Guetta Remix
38%
My Universe (Galantis Remix) My Universe - Galantis Remix
38%
My Universe My Universe - Instrumental
38%
My Universe (SUGA's Remix) My Universe - SUGA's Remix
38%
My Universe My Universe - Supernova 7 Mix
38%
Safety EP/Yellow No More Keeping My Feet On the Ground
38%
Unreleased Ode to Deodorant
38%
Overtura Overtura
38%
Music of the Spheres People of the Pride
38%
Prospekt's March (Bonus Track) Poppyfields
38%
Viva la Vida or Death and All His Friends (Bonus Track) Reign of Love
38%
The Blue Room EP See You Soon
38%
Everyday Life Sunrise
38%
X&Y Swallowed in the Sea
38%
Life in Technicolor II The Goldrush
38%
Standalone promotional single The Hardest Part (Tom Lord-Alge Mix)
38%
Everyday Life Trouble in Town
38%
Mylo Xyloto U.F.O.
38%
Up&Up (Freedo Remix) Up&Up - Freedo Remix
38%
Mylo Xyloto Up in Flames
38%
Mylo Xyloto Up With the Birds
38%
Everyday Life When I Need a Friend
38%
Everyday Life WOTW/POTP
38%
X&Y X&Y
38%
A Head Full of Dreams (Bonus Track) X Marks the Spot
38%
Music of the Spheres
25%
A Head Full of Dreams Adventure of a Lifetime
25%
Adventure of a Lifetime (Matoma Remix) Adventure of a Lifetime - Matoma Remix
25%
Adventure of a Lifetime (Yotto Remix) Adventure of a Lifetime - Yotto Remix
25%
Live in Buenos Aires Amor Argentina
25%
Violet Hill A Spell a Rebel Yell
25%
Unreleased A View From the Top
25%
Safety EP/The Blue Room EP Bigger Stronger
25%
Music of the Spheres Biutyful
25%
Shiver Careful Where You Stand
25%
Everyday Life Champion of the World
25%
Coldplay: Reimagined Champion of the World (Reimagined)
25%
Music of the Spheres Coloratura
25%
Everyday Life Daddy
25%
Viva la Vida (B-Side) Death Will Never Conquer
25%
Mylo Xyloto Don't Let it Break Your Heart
25%
Brothers & Sisters Easy to Please
25%
Global Citizen – EP 1 E-Lo
25%
Mylo Xyloto Every Teardrop Is a Waterfall
25%
Ghost Stories Fly On
25%
A Sky Full of Stars Ghost Story
25%
Everyday Life God = Love
25%
Talk Gravity
25%
Yellow Help is Round the Corner
25%
Mylo Xyloto Hurts Like Heaven
25%
In My Place I Bloom Blaum
25%
The Scientist I Ran Away
25%
The Scientist (DVD Single) Lips Like Sugar
25%
Unbroken – Original Motion Picture Soundtrack Miracles
25%
Every Teardrop is a Waterfall Moving to Mars
25%
Ghost Stories Oceans
25%
Everyday Life Old Friends
25%
Brothers & Sisters EP Only Superstition
25%
A Sky Full of Stars O (Reprise)
25%
Fix You Pour Me
25%
Speed of Sound Proof
25%
Unreleased School
25%
Talk Sleeping Sun
25%
Safety EP/The Blue Room EP Such a Rush
25%
Viva la Vida or Death and All His Friends (Bonus Track) The Escapist
25%
Fix You The World Turned Upside Down
25%
Speed of Sound Things I Don't Understand
25%
Mylo Xyloto Us Against the World
25%
Global Citizen – EP 1 Voodoo
25%
Prince cover on NPR's Tiny Desk 1999
13%
Unreleased, played during A Rush of Blood to the Head Tour A Ladder to the Sun
13%
Michael Jackson cover; played during the Viva la Vida Era Billie Jean
13%
Viola Beach cover; played at the Glastonbury Festival 2016 Boys That Sing
13%
Live in Sao Paulo Brasileiros
13%
Kylie Minogue cover; played live twice Can't Get You Out of My Head
13%
Spotify Singles Day 'n' Nite
13%
Unreleased; played live during the Viva la Vida Tour Don Quixote
13%
Live in Buenos Aires End Credits
13%
Unreleased Life is Beautiful
13%
Unreleased Lukas
13%
Kaleidoscope EP Miracles (Someone Special)
13%
Unreleased Mooie Ellebogen
13%
Unreleased So Sad
13%
Bee Gees cover; played once with Barry Gibb Stayin' Alive
13%
Unreleased The Man Who Swears
13%
Unreleased The Race
13%
Global Citizen – EP 1 Timbuktu
13%
Unreleased Vitamins
13%
Elton John; released on Revamp: Reimagining the Songs of Elton John & Bernie Taupin We All Fall in Love Sometimes
13%
Beastie Boys cover during the Mylo Xyloto Tour (You Gotta) Fight for Your Right (to Party!)
13%
Don't Panic You Only Live Twice
13%
Unreleased Bloodless Revolution
0%
Unreleased Bucket for a Crown
0%
Unreleased; played in Australia, during the A Head Full of Dreams Tour Christmas With the Kangaroos
0%
Unreleased Famous Old Painters
0%
Unreleased First Steps
0%
Unreleased Gone but Not F. Cotton
0%
Unreleased Goodbye and Goodnight
0%
Crystal Waters cover; played on BBC Radio 1's Future Sounds Gypsy Woman
0%
Unreleased Harmless
0%
Played live in Miami for the victims of the hurricane in Texas Houston #1
0%
Help!: A Day in the Life How You See the World No. 2
0%
Unreleased Idiot
0%
Unreleased Legends
0%
Recorded for Greg James Let Yourself Go
0%
Unreleased Loveless
0%
Unreleased Solid Ground (Until the Water Flows Over)
0%
Early Version of "Trouble" Spiderwebs
0%
Unreleased St. Stephen
0%
Unreleased Sweet Marianne
0%
Released exclusively on band's website in 2004 The Nappies
0%
Unreleased Wedding Bells
0%
No matching quizzes found
Score Distribution
Percent of People with Each Score
Percentile by Number Answered
Your Score History
You have not taken this quiz since the last reset